From A to <A> (Record no. 246273)
[ view plain ]
| 000 -LEADER | |
|---|---|
| fixed length control field | 01487nam a2200385 a 4500 |
| 082 04 - DEWEY DECIMAL CLASSIFICATION NUMBER | |
| Classification number | 006.7/4 |
| 245 00 - TITLE STATEMENT | |
| Title | From A to <A> |
| 260 ## - PUBLICATION, DISTRIBUTION, ETC. (IMPRINT) | |
| Place of publication | Minneapolis : |
| Name of publisher | University of Minnesota Press, |
| Year of publication | c2010. |
| 300 ## - PHYSICAL DESCRIPTION | |
| Number of Pages | xxiv, 246 p. : |
| Other physical details | ill. |
| 650 #0 - SUBJECT ADDED ENTRY--TOPICAL TERM | |
| Topical Term | HTML (Document markup language) |
| Topical Term | Componential analysis (Linguistics) |
| Topical Term | Webometrics. |
| Topical Term | Metadata harvesting. |
| Topical Term | Sociolinguistics. |
| Topical Term | World Wide Web |
| 700 1# - ADDED ENTRY--PERSONAL NAME | |
| Personal name | Dilger, Bradley J. |
| Personal name | Rice, Jeff. |
| 856 40 - ELECTRONIC LOCATION AND ACCESS | |
| Uniform Resource Identifier | http://site.ebrary.com/lib/rucke/Doc?id=10442228 |
No items available.
